000 00638nam a22001937a 4500
005 20251108174544.0
008 250721s2005 xx 000 0 ara d
082 1 4 _aم/352.05651105/أما
100 1 _aالمقوسي، وحيد
_eمصور
245 1 0 _aأمانة عمان الكبرى : الكتاب السنوي 2004 /
264 1 _aعمان :
_bمنشورات امانة عمان الكبرى،
_c2005.
300 _a188ص
490 0 _aالكتاب السنوي
_v2004
650 1 7 _aالاردن
650 1 7 _aامانه عمان الكبرى
650 1 7 _aالكتب السنويه
942 _2ddc
_cREF
999 _c112165
_d112165